La Violencia intrafamiliar: el principal problema de salud pública en Costa Rica /
Uloženo v:
| Hlavní autor: | |
|---|---|
| Médium: | Text |
| Témata: | |
| Tagy: |
Přidat tag
Žádné tagy, Buďte první, kdo vytvoří štítek k tomuto záznamu!
|
MARC
| LEADER | 00000 a a2200000 04500 | ||
|---|---|---|---|
| 001 | 17191 | ||
| 003 | |||
| 040 | |||
| 100 | |a Urpí Pacheco, Irene | ||
| 245 | |a La Violencia intrafamiliar: |b el principal problema de salud pública en Costa Rica / |c Irene Urpí Pacheco | ||
| 650 | |a VIOLENCIA INTRAFAMILIAR | ||
| 650 | |a SALUD PUBLICA | ||
| 650 | |a RELACIONES DE GENERO | ||
| 650 | |a VIOLENCIA CONTRA LAS MUJERES | ||
| 650 | |a LEGISLACION | ||
| 773 | |g volumen 9, número 2; páginas 79-96 | ||
| 999 | |c 20392 |d 20392 | ||
